Щит и меч томских инженеров. Томские истоки сибирской металлургии; Томский политехник; Вып. 7
| Parent link: | Томский политехник: ежегодный журнал/ Томский политехнический университет (ТПУ), Ассоциация выпускников.— , 1995- Вып. 7.— 2001.— [С. 50-53] |
|---|---|
| 1. Verfasser: | |
| Zusammenfassung: | Заглавие с титульного листа Электронная версия печатной публикации |
| Sprache: | Russisch |
| Veröffentlicht: |
2001
|
| Schriftenreihe: | 100 лет горно-геологическому образованию в Сибири |
| Schlagworte: | |
| Online-Zugang: | Цветная версия без потери качества |
| Format: | MixedMaterials Elektronisch Buchkapitel |
| KOHA link: | https://koha.lib.tpu.ru/cgi-bin/koha/opac-detail.pl?biblionumber=191157 |
MARC
| LEADER | 00000nla2a2200000 4500 | ||
|---|---|---|---|
| 001 | 191157 | ||
| 005 | 20231031180555.0 | ||
| 035 | |a (RuTPU)RU\TPU\book\208406 | ||
| 035 | |a RU\TPU\book\208391 | ||
| 090 | |a 191157 | ||
| 100 | |a 20110202d2001 km y0rusy50 ca | ||
| 101 | 0 | |a rus | |
| 102 | |a RU | ||
| 135 | |a drnn ---uucaa | ||
| 181 | 0 | |a i | |
| 182 | 0 | |a b | |
| 200 | 1 | |a Щит и меч томских инженеров. Томские истоки сибирской металлургии |b Электронный ресурс |f Ю. М. Лозинский | |
| 203 | |a Текст |c электронный | ||
| 215 | |a 1 файл (12 Мб) | ||
| 225 | 1 | |a 100 лет горно-геологическому образованию в Сибири | |
| 230 | |a Электронные текстовые данные (1 файл : 12 Мб) | ||
| 300 | |a Заглавие с титульного листа | ||
| 300 | |a Электронная версия печатной публикации | ||
| 337 | |a Adobe Reader | ||
| 461 | 1 | |0 (RuTPU)RU\TPU\book\202435 |t Томский политехник |o ежегодный журнал |f Томский политехнический университет (ТПУ), Ассоциация выпускников |d 1995- | |
| 463 | 1 | |0 (RuTPU)RU\TPU\book\208277 |t Вып. 7 |v [С. 50-53] |d 2001 |p 208 с. | |
| 601 | 0 | 2 | |a Томский технологический институт (ТТИ) |c (1896-1923) |2 stltpush |3 (RuTPU)RU\TPU\col\9244 |
| 610 | 1 | |a выпускники ТПУ | |
| 610 | 1 | |a профессора | |
| 610 | 1 | |a директора | |
| 610 | 1 | |a инженеры | |
| 610 | 1 | |a ученые | |
| 610 | 1 | |a металлургия | |
| 610 | 1 | |a металлургические заводы | |
| 610 | 1 | |a становление | |
| 610 | 1 | |a развитие | |
| 610 | 1 | |a Сибирь | |
| 610 | 1 | |a Томск | |
| 610 | 1 | |a труды учёных ТПУ | |
| 610 | 1 | |a электронный ресурс | |
| 700 | 1 | |a Лозинский |b Ю. М. |c специалист в области материаловедения |c доцент Кафедры материаловедения и технологии металлов Томского политехнического университета |g Юрий Михайлович |2 stltpush |3 (RuTPU)RU\TPU\pers\26639 | |
| 801 | 1 | |a RU |b 63413507 |c 20101101 | |
| 801 | 2 | |a RU |b 63413507 |c 20110511 |g RCR | |
| 856 | 4 | |u http://www.lib.tpu.ru/fulltext/v/Tomsk_polytechnic/2001/N7a15_full.pdf |z Цветная версия без потери качества | |
| 942 | |c CF | ||